Online
Catalog

Pedro Almodóvar : Un Cine Visceral. : (Record no. 42307)

MARC details
000 -CABECERA
campo de control de longitud fija 00708nam a2200205 a 4500
001 - NÚMERO DE CONTROL
campo de control 000042818
005 - FECHA Y HORA DE LA ÚLTIMA TRANSACCIÓN
campo de control 20201002040423.0
008 - DATOS DE LONGITUD FIJA--INFORMACIÓN GENERAL
campo de control de longitud fija 140210s1995 sp c 000 0 spa d
020 ## - NÚMERO INTERNACIONAL ESTÁNDAR DEL LIBRO
Número Internacional Estándar del Libro 8403597096
040 ## - FUENTE DE LA CATALOGACIÓN
Centro catalogador/agencia de origen DO-SdBNP
Lengua de catalogación spa
Centro/agencia transcriptor BNPHU
100 1# - ENTRADA PRINCIPAL--NOMBRE DE PERSONA
Nombre de persona Almodóvar, Pedro
9 (RLIN) 70174
245 10 - MENCIÓN DE TÍTULO
Título Pedro Almodóvar : Un Cine Visceral. :
Resto del título conversaciones con Frédéric Strauss /
Mención de responsabilidad, etc. traducción, Marie Delporte, Matías Mújica.
260 ## - PUBLICACIÓN, DISTRIBUCIÓN, ETC.
Lugar de publicación, distribución, etc. Madrid, :
Nombre del editor, distribuidor, etc. El país
-- Aguilar,
Fecha de publicación, distribución, etc. 1995.
300 ## - DESCRIPCIÓN FÍSICA
Extensión 197 p. :
Otras características físicas retrs. ;
Dimensiones 24 cm.
490 1# - MENCIÓN DE SERIE
Mención de serie Visto y leído
700 1# - PUNTO DE ACCESO ADICIONAL--NOMBRE DE PERSONA
Nombre de persona Strauss, Frédéric
9 (RLIN) 70175
700 1# - PUNTO DE ACCESO ADICIONAL--NOMBRE DE PERSONA
Nombre de persona Delporte, Marie
Término indicativo de función/relación trad.
9 (RLIN) 70176
700 1# - PUNTO DE ACCESO ADICIONAL--NOMBRE DE PERSONA
Nombre de persona Mújica, Matías
Término indicativo de función/relación trad.
9 (RLIN) 70177
830 #0 - PUNTO DE ACCESO ADICIONAL DE SERIE-TÍTULO UNIFORME
Título uniforme Visto y leído
9 (RLIN) 70178
Holdings
Estado de retiro Estado de pérdida Restricciones de uso No para préstamo Código de colección Localización permanente Ubicación/localización actual Ubicación en estantería Fecha de adquisición Número de inventario Total de préstamos Signatura topográfica completa Código de barras Fecha visto por última vez Precio válido a partir de Tipo de ítem Koha
      Excluido de préstamo Monografías: Libros y Folletos General General En catalogación 10.02.2014 LF1   42818-10 25.06.2020 25.06.2020 No se presta

Powered by Koha